000 00625nam a2200205Ia 4500
003 PILC
005 20181215095305.0
008 140429s9999 xx 000 0 und d
020 _a9780750684927
050 _aG 155.A1
_b.M381 2008
100 _aMason, Peter.
245 _aTourism impacts, planning and management /
_cPeter Mason.
250 _a2nd edition.
260 _aBoston :
_bElsevier/Butterworth Heinemann,
_c2008.
300 _a289 pages :
_billustrations ;
_c25 cm.
500 _aIncludes bibliographical references and index.
650 _aTourism
_xManagement.
942 _kFOR
_cBK
_2lcc
999 _c115573
_d115573